[Event "Team Championship Russia (Blitz, Women)"]
[Site "Sochi"]
[Date "2018.10.10"]
[Round "2.7"]
[White "Styazhkina, Anna"]
[Black "Vyrtosu, Natalia"]
[Result "0-1"]
[BlackElo "1822"]
[WhiteElo "2128"]
[LiveChessVersion "1.4.8"]

1. e4 {[%clk 0:03:03]} c6 {[%clk 0:03:04]} 2. d4 {[%clk 0:03:03]} d5
{[%clk 0:03:05]} 3. exd5 {[%clk 0:03:03]} cxd5 {[%clk 0:03:06]} 4. Bd3
{[%clk 0:03:04]} Nc6 {[%clk 0:03:06]} 5. c3 {[%clk 0:03:05]} g6 {[%clk 0:03:07]}
6. h3 {[%clk 0:03:02]} Bf5 {[%clk 0:03:08]} 7. Nf3 {[%clk 0:03:01]} Nf6
{[%clk 0:03:08]} 8. Na3 {[%clk 0:03:01]} Bg7 {[%clk 0:03:01]} 9. O-O
{[%clk 0:03:00]} O-O {[%clk 0:03:02]} 10. Re1 {[%clk 0:02:57]} Bxd3
{[%clk 0:02:42]} 11. Qxd3 {[%clk 0:02:58]} Ne4 {[%clk 0:02:42]} 12. Nc2
{[%clk 0:02:57]} Rc8 {[%clk 0:02:35]} 13. Ne3 {[%clk 0:02:49]} e6
{[%clk 0:02:32]} 14. Ng4 {[%clk 0:02:42]} Qc7 {[%clk 0:02:16]} 15. Bh6
{[%clk 0:02:16]} Ne7 {[%clk 0:01:55]} 16. Nfe5 {[%clk 0:00:20]} Nf5 17. Bxg7
{[%clk 0:00:20]} Kxg7 {[%clk 0:01:50]} 18. f3 {[%clk 0:00:20]} Ned6
{[%clk 0:01:44]} 19. Nf2 {[%clk 0:00:16]} Nc4 {[%clk 0:01:38]} 20. Rab1
{[%clk 0:00:14]} Nxe5 {[%clk 0:01:36]} 21. Rxe5 {[%clk 0:00:11]} Qa5
{[%clk 0:01:36]} 22. a3 {[%clk 0:00:09]} b5 {[%clk 0:01:36]} 23. g4
{[%clk 0:00:07]} Nd6 {[%clk 0:01:35]} 24. Re2 {[%clk 0:00:05]} a6
{[%clk 0:01:34]} 25. h4 {[%clk 0:00:05]} Qd8 {[%clk 0:01:28]} 26. h5
{[%clk 0:00:00]} Qg5 {[%clk 0:01:28]} 27. Kh2 {[%clk 0:00:00]} Qh4+
{[%clk 0:01:28]} 28. Kg2 {[%clk 0:00:00]} gxh5 {[%clk 0:01:28]} 29. Rh1
{[%clk 0:00:00]} Qf6 {[%clk 0:01:28]} 30. Rxh5 {[%clk 0:00:00]} Qg6
{[%clk 0:01:28]} 31. Qe3 {[%clk 0:00:00]} 0-1

[Event "Team Championship Russia (Blitz, Women)"]
[Site "Sochi"]
[Date "2018.10.10"]
[Round "2.8"]
[White "Girshgorn, Maria"]
[Black "Chernyak, Viktoria"]
[Result "0-1"]
[BlackElo "2236"]
[WhiteElo "1900"]
[LiveChessVersion "1.4.8"]

1. Nf3 {[%clk 0:03:02]} d5 {[%clk 0:03:03]} 2. g3 {[%clk 0:03:04]} Nf6
{[%clk 0:03:04]} 3. Bg2 {[%clk 0:03:05]} c5 {[%clk 0:02:59]} 4. O-O
{[%clk 0:03:06]} e6 {[%clk 0:02:58]} 5. d4 {[%clk 0:03:07]} cxd4 {[%clk 0:02:40]}
6. Nxd4 {[%clk 0:03:07]} Be7 {[%clk 0:02:31]} 7. c4 {[%clk 0:03:08]} dxc4
{[%clk 0:02:29]} 8. Nc3 {[%clk 0:03:06]} O-O {[%clk 0:02:28]} 9. Bg5
{[%clk 0:03:05]} a6 {[%clk 0:02:01]} 10. e3 {[%clk 0:02:58]} Ra7 {[%clk 0:01:56]}
11. a4 {[%clk 0:02:58]} Bd7 {[%clk 0:01:44]} 12. Qe2 {[%clk 0:02:50]} Qc7
{[%clk 0:01:32]} 13. Rac1 {[%clk 0:02:27]} Qa5 {[%clk 0:01:18]} 14. Qxc4
{[%clk 0:02:20]} Qxg5 {[%clk 0:01:15]} 15. b4 {[%clk 0:02:00]} h5
{[%clk 0:00:45]} 16. h4 {[%clk 0:01:45]} Qg6 {[%clk 0:00:42]} 17. Nce2
{[%clk 0:01:37]} Ng4 {[%clk 0:00:11]} 18. Nf4 {[%clk 0:01:33]} Qh6
{[%clk 0:00:12]} 19. b5 {[%clk 0:01:18]} axb5 {[%clk 0:00:13]} 20. axb5
{[%clk 0:01:20]} e5 {[%clk 0:00:13]} 21. Nd5 {[%clk 0:01:00]} Ba3
{[%clk 0:00:14]} 22. Ra1 {[%clk 0:00:44]} exd4 {[%clk 0:00:15]} 23. Qb3
{[%clk 0:00:45]} Bc5 {[%clk 0:00:14]} 24. Rxa7 {[%clk 0:00:45]} Bxa7
{[%clk 0:00:15]} 25. b6 {[%clk 0:00:46]} Bxb6 {[%clk 0:00:16]} 26. Nxb6
{[%clk 0:00:46]} dxe3 {[%clk 0:00:17]} 27. fxe3 {[%clk 0:00:40]} Qxe3+
{[%clk 0:00:16]} 28. Qxe3 {[%clk 0:00:41]} Nxe3 {[%clk 0:00:17]} 29. Re1
{[%clk 0:00:39]} Nxg2 {[%clk 0:00:18]} 30. Kxg2 {[%clk 0:00:40]} Bc6+
{[%clk 0:00:20]} 31. Kf2 {[%clk 0:00:41]} Re8 {[%clk 0:00:21]} 32. Rc1
{[%clk 0:00:40]} g6 {[%clk 0:00:18]} 33. Ra1 {[%clk 0:00:35]} Nd7
{[%clk 0:00:19]} 0-1

[Event "Team Championship Russia (Blitz, Women)"]
[Site "Sochi"]
[Date "2018.10.10"]
[Round "2.9"]
[White "Samusenko, Ramziya"]
[Black "Schepetkova, Margarita"]
[Result "0-1"]
[BlackElo "2100"]
[WhiteElo "2075"]
[LiveChessVersion "1.4.8"]

1. e4 {[%clk 0:03:03]} c6 {[%clk 0:03:04]} 2. d4 {[%clk 0:03:03]} d5
{[%clk 0:03:05]} 3. e5 {[%clk 0:03:03]} c5 {[%clk 0:03:06]} 4. c3
{[%clk 0:03:02]} Nc6 {[%clk 0:03:07]} 5. f4 {[%clk 0:03:01]} Bf5 {[%clk 0:03:07]}
6. Bd3 {[%clk 0:02:59]} Bxd3 {[%clk 0:03:06]} 7. Qxd3 {[%clk 0:03:00]} e6
{[%clk 0:03:07]} 8. Nf3 {[%clk 0:02:59]} Nge7 {[%clk 0:03:04]} 9. O-O
{[%clk 0:02:56]} cxd4 {[%clk 0:03:03]} 10. Nxd4 {[%clk 0:02:48]} Nxd4
{[%clk 0:02:57]} 11. Qxd4 {[%clk 0:02:42]} Nc6 {[%clk 0:02:57]} 12. Qa4
{[%clk 0:02:35]} Bc5+ {[%clk 0:02:51]} 13. Kh1 {[%clk 0:02:35]} O-O
{[%clk 0:02:50]} 14. Nd2 {[%clk 0:02:26]} f6 {[%clk 0:02:45]} 15. Qb5
{[%clk 0:02:10]} Bb6 {[%clk 0:02:41]} 16. Nf3 {[%clk 0:02:05]} fxe5
{[%clk 0:02:38]} 17. Nxe5 {[%clk 0:01:50]} Nxe5 {[%clk 0:02:35]} 18. fxe5
{[%clk 0:01:50]} Rxf1+ {[%clk 0:02:18]} 19. Qxf1 {[%clk 0:01:51]} Qc7
{[%clk 0:02:19]} 20. Bf4 {[%clk 0:01:39]} Rf8 {[%clk 0:02:16]} 21. Qf3
{[%clk 0:01:14]} Qc4 {[%clk 0:02:00]} 22. g3 {[%clk 0:01:00]} g5 {[%clk 0:01:57]}
23. Rf1 {[%clk 0:00:49]} gxf4 {[%clk 0:01:57]} 24. gxf4 {[%clk 0:00:50]} Qe4
{[%clk 0:01:57]} 25. Qxe4 {[%clk 0:00:44]} dxe4 {[%clk 0:01:57]} 26. Kg2
{[%clk 0:00:42]} Kf7 {[%clk 0:01:56]} 27. Re1 {[%clk 0:00:40]} e3
{[%clk 0:01:57]} 28. Kf3 {[%clk 0:00:41]} Rd8 {[%clk 0:01:53]} 29. a4
{[%clk 0:00:32]} Rd2 {[%clk 0:01:45]} 30. b4 {[%clk 0:00:32]} a6 {[%clk 0:01:41]}
31. a5 {[%clk 0:00:30]} Ba7 {[%clk 0:01:42]} 32. c4 {[%clk 0:00:32]} Rf2+
{[%clk 0:01:36]} 33. Ke4 {[%clk 0:00:29]} Rb2 {[%clk 0:01:30]} 34. c5
{[%clk 0:00:27]} Rxb4+ {[%clk 0:01:30]} 35. Kxe3 {[%clk 0:00:28]} Bxc5+
{[%clk 0:01:30]} 36. Kf3 {[%clk 0:00:29]} Rb2 {[%clk 0:01:27]} 37. Rc1
{[%clk 0:00:28]} Be7 {[%clk 0:01:27]} 38. Rc7 {[%clk 0:00:28]} Rxh2
{[%clk 0:01:25]} 39. Rxb7 {[%clk 0:00:29]} Ra2 {[%clk 0:01:25]} 40. f5
{[%clk 0:00:27]} exf5 {[%clk 0:01:26]} 41. Kf4 {[%clk 0:00:29]} Rf2+
{[%clk 0:01:22]} 42. Kg3 {[%clk 0:00:27]} Rf1 {[%clk 0:01:20]} 43. e6+
{[%clk 0:00:27]} Kxe6 {[%clk 0:01:20]} 44. Rb6+ {[%clk 0:00:29]} Ke5
{[%clk 0:01:21]} 45. Rxa6 {[%clk 0:00:29]} h5 {[%clk 0:01:18]} 46. Rh6
{[%clk 0:00:28]} h4+ {[%clk 0:01:18]} 47. Kg2 {[%clk 0:00:30]} Ra1
{[%clk 0:01:18]} 48. a6 {[%clk 0:00:29]} Bg5 {[%clk 0:01:17]} 49. Rb6
{[%clk 0:00:28]} Ra2+ {[%clk 0:01:14]} 50. Kf3 {[%clk 0:00:26]} Ra3+
{[%clk 0:01:15]} 51. Kg2 {[%clk 0:00:26]} h3+ {[%clk 0:01:14]} 52. Kh2
{[%clk 0:00:21]} Bf4+ {[%clk 0:01:14]} 53. Kg1 {[%clk 0:00:09]} Be3+
{[%clk 0:01:15]} 0-1

[Event "Team Championship Russia (Blitz, Women)"]
[Site "Sochi"]
[Date "2018.10.10"]
[Round "2.10"]
[White "Sakorenko, Adriana"]
[Black "Goncharova, Natalia"]
[Result "1-0"]
[BlackElo "1730"]
[WhiteElo "1843"]
[LiveChessVersion "1.4.8"]

1. e4 {[%clk 0:03:02]} e5 {[%clk 0:03:03]} 2. Nf3 {[%clk 0:03:04]} Nc6
{[%clk 0:03:04]} 3. Bb5 {[%clk 0:03:05]} a6 {[%clk 0:03:05]} 4. Ba4
{[%clk 0:03:05]} Nf6 {[%clk 0:03:05]} 5. d3 {[%clk 0:03:04]} d6 {[%clk 0:03:05]}
6. c3 {[%clk 0:03:05]} Be7 {[%clk 0:03:05]} 7. O-O {[%clk 0:03:05]} O-O
{[%clk 0:03:06]} 8. Re1 {[%clk 0:03:06]} Bd7 {[%clk 0:02:56]} 9. Nbd2
{[%clk 0:03:04]} b5 {[%clk 0:02:52]} 10. Bb3 {[%clk 0:03:03]} Na5
{[%clk 0:02:52]} 11. Bc2 {[%clk 0:03:04]} c5 {[%clk 0:02:51]} 12. Nf1
{[%clk 0:03:05]} Qc7 {[%clk 0:02:51]} 13. Ng3 {[%clk 0:03:04]} g6
{[%clk 0:02:49]} 14. Bg5 {[%clk 0:02:48]} Rfe8 {[%clk 0:02:47]} 15. Rc1
{[%clk 0:02:48]} Bg4 {[%clk 0:02:37]} 16. h3 {[%clk 0:02:43]} Be6
{[%clk 0:02:32]} 17. d4 {[%clk 0:02:36]} cxd4 {[%clk 0:02:27]} 18. cxd4
{[%clk 0:02:37]} Rec8 {[%clk 0:02:21]} 19. b3 {[%clk 0:02:09]} Kg7
{[%clk 0:02:12]} 20. Qd2 {[%clk 0:02:00]} Ng8 {[%clk 0:02:11]} 21. Bxe7
{[%clk 0:01:47]} Nxe7 {[%clk 0:02:06]} 22. dxe5 {[%clk 0:01:31]} dxe5
{[%clk 0:02:06]} 23. Bb1 {[%clk 0:01:13]} Qd7 {[%clk 0:02:02]} 24. Qxa5
{[%clk 0:01:12]} Rxc1 {[%clk 0:01:42]} 25. Rxc1 {[%clk 0:01:13]} Ra7
{[%clk 0:01:42]} 26. Nxe5 {[%clk 0:01:08]} Qd4 {[%clk 0:01:27]} 27. Qc3
{[%clk 0:00:54]} Qxc3 {[%clk 0:01:24]} 28. Rxc3 {[%clk 0:00:55]} h5
{[%clk 0:01:20]} 29. Ne2 {[%clk 0:00:47]} g5 {[%clk 0:01:19]} 30. Nd4
{[%clk 0:00:43]} Bd7 {[%clk 0:01:11]} 31. Nxd7 {[%clk 0:00:31]} Rxd7
{[%clk 0:01:12]} 32. Rd3 {[%clk 0:00:30]} Rc7 {[%clk 0:01:11]} 33. Rd1
{[%clk 0:00:26]} Ng6 {[%clk 0:01:12]} 34. g3 {[%clk 0:00:24]} Ne5
{[%clk 0:01:12]} 35. f4 {[%clk 0:00:27]} gxf4 {[%clk 0:01:14]} 36. gxf4
{[%clk 0:00:28]} Ng6 {[%clk 0:01:13]} 37. Rf1 {[%clk 0:00:24]} Nh4
{[%clk 0:01:06]} 38. f5 {[%clk 0:00:21]} Rd7 {[%clk 0:01:07]} 39. Ne2
{[%clk 0:00:17]} Rd2 {[%clk 0:01:07]} 40. Nf4 {[%clk 0:00:18]} a5
{[%clk 0:00:57]} 41. Nxh5+ {[%clk 0:00:19]} Kh6 {[%clk 0:00:56]} 42. Nf4
{[%clk 0:00:19]} a4 {[%clk 0:00:56]} 43. bxa4 {[%clk 0:00:20]} bxa4
{[%clk 0:00:58]} 44. e5 {[%clk 0:00:21]} Kg5 {[%clk 0:00:54]} 45. e6
{[%clk 0:00:20]} fxe6 {[%clk 0:00:53]} 46. fxe6 {[%clk 0:00:21]} Rd8
{[%clk 0:00:51]} 47. e7 {[%clk 0:00:18]} Re8 {[%clk 0:00:52]} 48. Nd5
{[%clk 0:00:19]} Ng6 {[%clk 0:00:47]} 49. Bxg6 {[%clk 0:00:19]} Kxg6
{[%clk 0:00:48]} 50. Rf8 {[%clk 0:00:19]} Rxe7 {[%clk 0:00:48]} 51. Nxe7+
{[%clk 0:00:20]} Kg7 {[%clk 0:00:49]} 52. Ra8 {[%clk 0:00:20]} Kf7
{[%clk 0:00:49]} 53. Nc6 {[%clk 0:00:19]} Ke6 {[%clk 0:00:50]} 54. Rxa4
{[%clk 0:00:20]} Kd6 {[%clk 0:00:52]} 55. Nd4 {[%clk 0:00:20]} Kc5
{[%clk 0:00:52]} 56. h4 {[%clk 0:00:21]} Kd5 {[%clk 0:00:53]} 57. h5
{[%clk 0:00:23]} Kd6 {[%clk 0:00:53]} 58. h6 {[%clk 0:00:24]} 1-0

[Event "Team Championship Russia (Blitz, Women)"]
[Site "Sochi"]
[Date "2018.10.10"]
[Round "2.12"]
[White "Fairuzova, Zulfiiya"]
[Black "Zhurova, Anna"]
[Result "1-0"]
[BlackElo "1714"]
[WhiteElo "1764"]
[LiveChessVersion "1.4.8"]

1. e4 {[%clk 0:03:03]} d5 {[%clk 0:03:03]} 2. exd5 {[%clk 0:03:03]} Qxd5
{[%clk 0:03:04]} 3. Nc3 {[%clk 0:03:04]} Qd6 {[%clk 0:03:05]} 4. d4
{[%clk 0:03:05]} Nf6 {[%clk 0:03:06]} 5. Nf3 {[%clk 0:03:06]} c6 {[%clk 0:03:07]}
6. Be2 {[%clk 0:03:07]} Bg4 {[%clk 0:03:08]} 7. h3 {[%clk 0:03:08]} Bh5
{[%clk 0:03:09]} 8. O-O {[%clk 0:03:06]} e6 {[%clk 0:03:11]} 9. Be3
{[%clk 0:03:05]} Nbd7 {[%clk 0:03:11]} 10. Qd2 {[%clk 0:03:06]} Qc7
{[%clk 0:03:12]} 11. Bf4 {[%clk 0:03:07]} Bd6 {[%clk 0:03:13]} 12. Bxd6
{[%clk 0:03:08]} Qxd6 {[%clk 0:03:14]} 13. Rad1 {[%clk 0:03:04]} O-O
{[%clk 0:03:14]} 14. g4 {[%clk 0:03:04]} Bg6 {[%clk 0:03:14]} 15. Nh4
{[%clk 0:03:03]} Rad8 {[%clk 0:03:08]} 16. Nxg6 {[%clk 0:03:04]} hxg6
{[%clk 0:03:08]} 17. Bf3 {[%clk 0:03:02]} Nb6 {[%clk 0:03:03]} 18. b3
{[%clk 0:02:59]} Nbd5 {[%clk 0:03:03]} 19. Nxd5 {[%clk 0:02:57]} Nxd5
{[%clk 0:02:55]} 20. Bxd5 {[%clk 0:02:39]} Qxd5 {[%clk 0:02:49]} 21. c4
{[%clk 0:02:40]} Qf3 {[%clk 0:02:45]} 22. Qe3 {[%clk 0:02:37]} Qf6
{[%clk 0:02:39]} 23. f4 {[%clk 0:02:31]} Kh7 {[%clk 0:02:28]} 24. Qe5
{[%clk 0:02:23]} Qh4 {[%clk 0:02:24]} 25. Kg2 {[%clk 0:02:24]} Rh8
{[%clk 0:02:20]} 26. Qe1 {[%clk 0:02:20]} Qh6 {[%clk 0:02:07]} 27. Qg3
{[%clk 0:02:19]} Kg8 {[%clk 0:02:07]} 28. g5 {[%clk 0:02:02]} Qh5
{[%clk 0:02:07]} 29. Qf3 {[%clk 0:01:59]} Qxf3+ {[%clk 0:01:53]} 30. Rxf3
{[%clk 0:01:59]} Kf8 {[%clk 0:01:49]} 31. Re3 {[%clk 0:01:51]} Rh4
{[%clk 0:01:44]} 32. Kg3 {[%clk 0:01:52]} Rh8 {[%clk 0:01:43]} 33. Re5
{[%clk 0:01:48]} Ke8 {[%clk 0:01:13]} 34. d5 {[%clk 0:01:30]} Rd7
{[%clk 0:01:11]} 35. Rde1 {[%clk 0:01:20]} cxd5 {[%clk 0:01:05]} 36. cxd5
{[%clk 0:01:21]} Kd8 {[%clk 0:00:52]} 37. dxe6 {[%clk 0:01:19]} fxe6
{[%clk 0:00:52]} 38. Rxe6 {[%clk 0:01:20]} Rd2 {[%clk 0:00:47]} 39. R1e2
{[%clk 0:01:18]} Rd3+ {[%clk 0:00:45]} 40. R6e3 {[%clk 0:01:07]} Rd6
{[%clk 0:00:44]} 41. h4 {[%clk 0:01:04]} Kd7 {[%clk 0:00:44]} 42. Re7+
{[%clk 0:01:04]} Kc8 {[%clk 0:00:44]} 43. Rxg7 {[%clk 0:00:54]} Rd3+
{[%clk 0:00:45]} 44. Kg4 {[%clk 0:00:54]} Rd6 {[%clk 0:00:41]} 45. Ree7
{[%clk 0:00:52]} b6 {[%clk 0:00:35]} 46. Rc7+ {[%clk 0:00:51]} Kb8
{[%clk 0:00:36]} 47. Rb7+ {[%clk 0:00:51]} Ka8 {[%clk 0:00:36]} 48. Rxa7+
{[%clk 0:00:51]} Kb8 {[%clk 0:00:38]} 49. Rgb7+ {[%clk 0:00:49]} Kc8
{[%clk 0:00:38]} 50. Rh7 {[%clk 0:00:41]} Rxh7 {[%clk 0:00:27]} 51. Rxh7
{[%clk 0:00:41]} Rd2 {[%clk 0:00:28]} 52. Ra7 {[%clk 0:00:39]} Kb8
{[%clk 0:00:28]} 53. Rg7 {[%clk 0:00:37]} Rxa2 {[%clk 0:00:28]} 54. Rxg6
{[%clk 0:00:38]} Rb2 {[%clk 0:00:28]} 55. Rxb6+ {[%clk 0:00:39]} Kc7
{[%clk 0:00:29]} 56. Rb4 {[%clk 0:00:39]} Kc6 {[%clk 0:00:30]} 57. h5
{[%clk 0:00:36]} Kc5 {[%clk 0:00:30]} 58. Rb8 {[%clk 0:00:36]} Rg2+
{[%clk 0:00:30]} 59. Kf3 {[%clk 0:00:37]} Rh2 {[%clk 0:00:31]} 60. h6
{[%clk 0:00:38]} Kd5 61. Ke4+ 1-0

[Event "Team Championship Russia (Blitz, Women)"]
[Site "Sochi"]
[Date "2018.10.10"]
[Round "3.1"]
[White "Sukhareva, Evgeniya"]
[Black "Pogonina, Natalija"]
[Result "1/2-1/2"]
[BlackElo "2328"]
[WhiteElo "2186"]
[LiveChessVersion "1.4.8"]

1. d4 {[%clk 0:03:04]} Nf6 {[%clk 0:03:02]} 2. c4 {[%clk 0:03:05]} e6
{[%clk 0:03:02]} 3. Nc3 {[%clk 0:03:06]} d5 {[%clk 0:03:03]} 4. Nf3
{[%clk 0:03:05]} Nbd7 {[%clk 0:03:04]} 5. Bf4 {[%clk 0:03:06]} Bd6
{[%clk 0:03:04]} 6. Bg5 {[%clk 0:03:04]} h6 {[%clk 0:03:04]} 7. Bh4
{[%clk 0:03:05]} Be7 {[%clk 0:03:02]} 8. e3 {[%clk 0:03:06]} O-O {[%clk 0:03:01]}
9. Rc1 {[%clk 0:03:04]} c5 {[%clk 0:03:00]} 10. cxd5 {[%clk 0:02:59]} Nxd5
{[%clk 0:02:59]} 11. Bxe7 {[%clk 0:02:55]} Nxe7 {[%clk 0:02:52]} 12. Bd3
{[%clk 0:02:52]} cxd4 {[%clk 0:02:51]} 13. Nxd4 {[%clk 0:02:51]} a6
{[%clk 0:02:48]} 14. a4 {[%clk 0:02:50]} Nf6 {[%clk 0:02:47]} 15. O-O
{[%clk 0:02:50]} Bd7 {[%clk 0:02:46]} 16. Qe2 {[%clk 0:02:49]} Qa5
{[%clk 0:02:39]} 17. Rfd1 {[%clk 0:02:51]} Rfd8 {[%clk 0:02:37]} 18. Nb3
{[%clk 0:02:39]} Qb4 {[%clk 0:02:33]} 19. Nd4 {[%clk 0:02:40]} Bxa4
{[%clk 0:02:24]} 20. Nxa4 {[%clk 0:02:40]} Qxa4 {[%clk 0:02:25]} 21. Qf3
{[%clk 0:01:34]} Ned5 {[%clk 0:02:16]} 22. Qh3 {[%clk 0:01:26]} Qe8
{[%clk 0:02:05]} 23. Bb1 {[%clk 0:01:18]} Rac8 {[%clk 0:02:01]} 24. Qg3
{[%clk 0:01:09]} Rxc1 {[%clk 0:02:00]} 25. Rxc1 {[%clk 0:01:10]} Rc8
{[%clk 0:01:55]} 26. Rd1 {[%clk 0:01:11]} Ne7 {[%clk 0:01:46]} 27. e4
{[%clk 0:01:01]} Nc6 {[%clk 0:01:38]} 28. Nc2 {[%clk 0:00:35]} e5
{[%clk 0:01:36]} 29. Ne3 {[%clk 0:00:35]} Nd4 {[%clk 0:01:29]} 30. Qh4
{[%clk 0:00:23]} Qb5 {[%clk 0:01:16]} 31. h3 {[%clk 0:00:13]} Qxb2
{[%clk 0:01:07]} 32. Nd5 {[%clk 0:00:08]} Nxd5 {[%clk 0:00:51]} 33. exd5
{[%clk 0:00:09]} Qe2 {[%clk 0:00:41]} 34. Rf1 {[%clk 0:00:08]} Nb5
{[%clk 0:00:29]} 35. Qe7 {[%clk 0:00:07]} Qd2 {[%clk 0:00:17]} 36. Bf5
{[%clk 0:00:07]} Rf8 {[%clk 0:00:13]} 37. Qxe5 {[%clk 0:00:08]} g6
{[%clk 0:00:13]} 38. Bb1 {[%clk 0:00:07]} Rd8 {[%clk 0:00:12]} 39. Qf6
{[%clk 0:00:07]} Qxd5 {[%clk 0:00:11]} 40. Bxg6 {[%clk 0:00:08]} fxg6 41. Qxg6+
Kh8 {[%clk 0:00:05]} 42. Qxh6+ {[%clk 0:00:10]} Kg8 {[%clk 0:00:06]} 43. Qg6+
{[%clk 0:00:12]} Kh8 {[%clk 0:00:04]} 44. Qh6+ Kg8 45. Qg6+ {[%clk 0:00:14]} Kh8
{[%clk 0:00:07]} 46. Qh6+ Kg8 1/2-1/2

[Event "Team Championship Russia (Blitz, Women)"]
[Site "Sochi"]
[Date "2018.10.10"]
[Round "3.2"]
[White "Girya, Olga"]
[Black "Chan, Naruna"]
[Result "1/2-1/2"]
[BlackElo "1991"]
[WhiteElo "2389"]
[LiveChessVersion "1.4.8"]

1. d4 {[%clk 0:03:03]} d5 {[%clk 0:03:03]} 2. Nf3 {[%clk 0:03:04]} Nf6
{[%clk 0:03:03]} 3. c4 {[%clk 0:03:06]} e6 {[%clk 0:03:03]} 4. Nc3
{[%clk 0:03:07]} dxc4 {[%clk 0:02:56]} 5. e3 {[%clk 0:03:06]} a6 {[%clk 0:02:51]}
6. Bxc4 {[%clk 0:03:07]} Be7 {[%clk 0:02:49]} 7. O-O {[%clk 0:03:06]} O-O
{[%clk 0:02:49]} 8. b3 {[%clk 0:02:59]} c5 {[%clk 0:02:46]} 9. Bb2
{[%clk 0:02:58]} b5 {[%clk 0:02:39]} 10. Be2 {[%clk 0:02:59]} Bb7
{[%clk 0:02:39]} 11. Rc1 {[%clk 0:02:57]} cxd4 {[%clk 0:02:32]} 12. Nxd4
{[%clk 0:02:54]} Qb6 {[%clk 0:02:22]} 13. Bf3 {[%clk 0:02:50]} Nbd7
{[%clk 0:02:05]} 14. Bxb7 {[%clk 0:02:43]} Qxb7 {[%clk 0:02:05]} 15. Qe2
{[%clk 0:02:40]} Rac8 {[%clk 0:02:00]} 16. Rfd1 {[%clk 0:02:41]} Rfd8
{[%clk 0:01:58]} 17. h3 {[%clk 0:02:38]} Ne5 {[%clk 0:01:38]} 18. Nb1
{[%clk 0:01:55]} Rxc1 {[%clk 0:01:35]} 19. Rxc1 {[%clk 0:01:56]} Rc8
{[%clk 0:01:36]} 20. Nd2 {[%clk 0:01:26]} Rxc1+ {[%clk 0:01:28]} 21. Bxc1
{[%clk 0:01:27]} Qc8 {[%clk 0:01:28]} 22. Bb2 {[%clk 0:01:28]} Nc6
{[%clk 0:01:18]} 23. N2f3 {[%clk 0:01:22]} Nb4 {[%clk 0:01:13]} 24. a3
{[%clk 0:01:16]} Nbd5 {[%clk 0:01:08]} 25. Ne5 {[%clk 0:01:15]} h6
{[%clk 0:01:03]} 26. Qd3 {[%clk 0:01:12]} Nd7 {[%clk 0:00:46]} 27. Nxd7
{[%clk 0:01:03]} Qxd7 {[%clk 0:00:47]} 28. Qc2 {[%clk 0:01:04]} Qc7
{[%clk 0:00:34]} 29. Qxc7 {[%clk 0:00:58]} Nxc7 {[%clk 0:00:35]} 30. Nc6
{[%clk 0:00:59]} Bd6 {[%clk 0:00:33]} 31. Kf1 {[%clk 0:00:54]} Kf8
{[%clk 0:00:32]} 32. Ke2 {[%clk 0:00:55]} g6 {[%clk 0:00:27]} 33. Kd3
{[%clk 0:00:54]} Ke8 {[%clk 0:00:27]} 34. e4 {[%clk 0:00:40]} Kd7
{[%clk 0:00:19]} 35. Ne5+ {[%clk 0:00:38]} Ke7 {[%clk 0:00:16]} 36. a4
{[%clk 0:00:31]} Ne8 {[%clk 0:00:08]} 37. axb5 {[%clk 0:00:21]} axb5
{[%clk 0:00:09]} 38. Nc6+ {[%clk 0:00:21]} Kd7 {[%clk 0:00:09]} 39. Nd4
{[%clk 0:00:22]} Nc7 {[%clk 0:00:09]} 40. Bc3 {[%clk 0:00:22]} e5
{[%clk 0:00:09]} 41. Ne2 {[%clk 0:00:18]} Kc6 {[%clk 0:00:10]} 42. Ba5
{[%clk 0:00:15]} Ne6 {[%clk 0:00:10]} 43. b4 {[%clk 0:00:13]} f5 {[%clk 0:00:10]}
44. f3 {[%clk 0:00:13]} Bc7 {[%clk 0:00:06]} 45. Bxc7 {[%clk 0:00:12]} Kxc7
{[%clk 0:00:07]} 46. Ke3 {[%clk 0:00:12]} Kc6 {[%clk 0:00:08]} 47. Nc3
{[%clk 0:00:12]} Nf4 {[%clk 0:00:06]} 48. g4 {[%clk 0:00:07]} Nxh3
{[%clk 0:00:04]} 49. gxf5 {[%clk 0:00:08]} gxf5 {[%clk 0:00:05]} 50. exf5
{[%clk 0:00:09]} Ng5 {[%clk 0:00:05]} 51. Ne4 {[%clk 0:00:08]} Nf7
{[%clk 0:00:04]} 52. Nf6 {[%clk 0:00:06]} Kd6 {[%clk 0:00:04]} 53. Nh5
{[%clk 0:00:05]} Kd5 {[%clk 0:00:04]} 54. Nf6+ {[%clk 0:00:05]} Kc4
{[%clk 0:00:05]} 55. f4 {[%clk 0:00:05]} exf4+ {[%clk 0:00:06]} 56. Kxf4
{[%clk 0:00:06]} Kxb4 {[%clk 0:00:06]} 57. Kg4 {[%clk 0:00:07]} Kc3
{[%clk 0:00:07]} 58. Kh5 {[%clk 0:00:08]} b4 {[%clk 0:00:07]} 59. Nd5+
{[%clk 0:00:05]} Kc4 {[%clk 0:00:08]} 60. Ne3+ {[%clk 0:00:05]} Kd3
{[%clk 0:00:08]} 61. Nd1 {[%clk 0:00:05]} Kc2 {[%clk 0:00:07]} 62. Ne3+
{[%clk 0:00:06]} Kd2 {[%clk 0:00:07]} 63. Nc4+ {[%clk 0:00:07]} Kc3
{[%clk 0:00:08]} 64. Na5 {[%clk 0:00:08]} b3 {[%clk 0:00:09]} 65. Nxb3
{[%clk 0:00:07]} Kxb3 {[%clk 0:00:10]} 66. Kg6 {[%clk 0:00:08]} Nd6
{[%clk 0:00:11]} 67. Kxh6 {[%clk 0:00:06]} Nxf5+ {[%clk 0:00:12]} 1/2-1/2

[Event "Team Championship Russia (Blitz, Women)"]
[Site "Sochi"]
[Date "2018.10.10"]
[Round "3.3"]
[White "Sukhareva, Valentina"]
[Black "Guseva, Marina"]
[Result "0-1"]
[BlackElo "2292"]
[WhiteElo "1886"]
[LiveChessVersion "1.4.8"]

1. d4 {[%clk 0:03:02]} d5 {[%clk 0:03:03]} 2. c4 {[%clk 0:03:03]} c6
{[%clk 0:03:04]} 3. Nc3 {[%clk 0:03:03]} Nf6 {[%clk 0:03:06]} 4. Bg5
{[%clk 0:03:04]} dxc4 {[%clk 0:03:01]} 5. e3 {[%clk 0:03:02]} b5 {[%clk 0:03:01]}
6. Bxf6 {[%clk 0:02:51]} exf6 {[%clk 0:03:01]} 7. a4 {[%clk 0:02:51]} Qb6
{[%clk 0:02:38]} 8. Nf3 {[%clk 0:02:18]} Bb4 {[%clk 0:02:33]} 9. Be2
{[%clk 0:02:15]} O-O {[%clk 0:02:33]} 10. O-O {[%clk 0:02:15]} Bxc3
{[%clk 0:02:26]} 11. bxc3 {[%clk 0:02:15]} a6 {[%clk 0:02:18]} 12. Qb1
{[%clk 0:02:09]} Be6 {[%clk 0:02:08]} 13. Nd2 {[%clk 0:02:05]} Nd7
{[%clk 0:02:07]} 14. e4 {[%clk 0:02:02]} g6 {[%clk 0:01:50]} 15. f4
{[%clk 0:02:02]} f5 {[%clk 0:01:50]} 16. Bf3 {[%clk 0:01:39]} fxe4
{[%clk 0:01:38]} 17. Bxe4 {[%clk 0:01:36]} Bd5 {[%clk 0:01:38]} 18. Kh1
{[%clk 0:01:32]} Nf6 {[%clk 0:01:35]} 19. Bf3 {[%clk 0:01:29]} Bxf3
{[%clk 0:01:34]} 20. Nxf3 {[%clk 0:01:25]} Nd5 {[%clk 0:01:34]} 21. Qc1
{[%clk 0:01:19]} Qc7 {[%clk 0:01:33]} 22. f5 {[%clk 0:01:09]} Rae8
{[%clk 0:01:28]} 23. Ne5 {[%clk 0:01:07]} f6 {[%clk 0:01:14]} 24. Nf3
{[%clk 0:00:58]} g5 {[%clk 0:01:11]} 25. axb5 {[%clk 0:00:56]} axb5
{[%clk 0:01:09]} 26. h3 {[%clk 0:00:33]} Re3 {[%clk 0:01:07]} 27. Ra3
{[%clk 0:00:25]} Rfe8 {[%clk 0:01:05]} 28. Qb2 {[%clk 0:00:21]} Qg3
{[%clk 0:01:01]} 29. Ra6 {[%clk 0:00:09]} Re2 {[%clk 0:01:01]} 0-1